Wszystkie przystanki tramwajowe w Katowicach - Statystyki

Ogólne statystyki
  • Ten quiz został rozwiązany 75 razy
  • Średni wynik to 25 z 60
Statystyki odpowiedzi
Odpowiedź % Poprawnych
Katowice Rynek /Teatr Śląski/
84%
Katowice Rynek
80%
Zawodzie Centrum Przesiadkowe
76%
Katowice Rondo
75%
Brynów Centrum Przesiadkowe
71%
Katowice Dworzec PKP
67%
Katowice Plac Wolności
60%
Dąb Huta Baildon
58%
Dąb Silesia City Center
58%
Katowice Sokolska
56%
Brynów Gawronów
55%
Katowice Plac Miarki
55%
Brynów Słowików
53%
Dąb Kościół
53%
Katowice Graniczna
53%
Zawodzie Uniwersytet Ekonomiczny
51%
Katowice Jordana
49%
Katowice Stęślickiego
49%
Katowice Św. Jana
49%
Koszutka Słoneczna
49%
Szopienice Pętla
49%
Zawodzie Zajezdnia
49%
Wełnowiec Plac Alfreda
47%
Brynów Drozdów
45%
Park Śląski Wejście Główne
45%
Burowiec
44%
Katowice Szkoła Filmowa UŚ
44%
Park Śląski Wesołe Miasteczko
44%
Wełnowiec Kościół
44%
Katowice Kościuszki Szpital
40%
Załęże Pośpiecha
40%
Załęże Wiśniowa
40%
Zawodzie Paderewskiego
40%
Katowice Sobieskiego
38%
Szopienice Kościół
38%
Zawodzie Ośrodek Sportowy
38%
Park Śląski Ogród Zoologiczny
36%
Załęże Dwór
36%
Załęże Kościół
36%
Załęże Szkoła
36%
Katowice Stadion AWF
35%
Koszutka Słoneczna Pętla
35%
Zawodzie Łączna
35%
Katowice Kościuszki Basen
33%
Brynów Zgrzebnioka
31%
Katowice Dąbrówki
31%
Szopienice Roździeńska
31%
Szopienice Wodociągi
29%
Szopienice Dwór
27%
Szopienice Morawa
27%
Wełnowiec Gnieźnieńska
27%
Załęże Janasa
25%
Koszutka Jesionowa
24%
Wełnowiec DL Tower
24%
Załęże Dom Kultury
24%
Stadion Śląski Pętla Zachodnia
13%
Szopienice Bednorza
13%
Szopienice Dolina 5 Stawów
11%
Szopienice Chemiczna
9%
Koszutka Misjonarzy Oblatów MN
5%
Nie znaleziono quizów pasujących do podanych kryteriów
Rozkład punktacji
Procent ludzi z każdym wynikiem
Percentyl według liczby udzielonych odpowiedzi
Twoja historia wyników
Nie rozwiązałeś tego quizu